000 006680000a22001090004500
100 1 _aJunca, Humberto
245 1 0 _aUn arte que desaparece : Polémica
300 _aVol.0, núm.10 (Julio, 2006), Páginas 10-11
520 _aEn 1991, un coleccionista pagó 9,5 millones de euros por el tiburón en formaldehído de Damien Hirst que hoy, quince años después, ha comenzado a descomponerse. En medio del alegato del ofendido comprador, el debate sobre lo perecedero del arte contemporáneo está sobre el tapete. ¿Pagaría usted por el candado de un armario donde un artista se encerró cinco días?
773 0 _tArcadia / Andrés Felipe Solano, Editor
942 _cANA
999 _c61792
_d61792